|
|
|
|
| LEADER |
00000cam a2200000 7i4500 |
| 001 |
0000093745 |
| 005 |
20240131125027.0 |
| 008 |
|
| 020 |
|
|
|a 9789834922221 (
|q paperback)
|
| 040 |
|
|
|e rda
|
| 041 |
|
|
|a Malay
|
| 090 |
0 |
0 |
|a 499.23
|b ASM
|
| 100 |
0 |
|
|a Asmah Haji Omar
|c Prof. ,
|d 1940- ,
|e (author)
|
| 245 |
1 |
0 |
|a Bahasa dan alam pemikiran Melayu
|c Prof. Dr. Asmah Haji Omar
|
| 264 |
|
1 |
|a Kuala Lumpur :
|b Dewan Bahasa dan Pustaka
|c 2023
|
| 300 |
|
|
|a 268 pages ;
|c 22 cm.
|
| 336 |
|
|
|a text
|2 rdacontent
|
| 337 |
|
|
|a unmediated
|2 rdamedia
|
| 338 |
|
|
|a volume
|2 rdacarrier
|
| 500 |
|
|
|a Includes index
|
| 541 |
|
|
|c Donation book
|f Inisiatif Belanjawan 2023
|
| 650 |
|
0 |
|a Government publication
|z Malaysia
|
| 650 |
|
0 |
|a Malay language
|
| 650 |
|
0 |
|a Malays(Asian people)
|
| 730 |
0 |
|
|a Title
|
| 999 |
|
|
|a 0001754900
|b Book
|c Adult Collection
|e Perbadanan Perpustakaan Awam Johor
|
| 999 |
|
|
|a 0001754901
|b Book
|c Adult Collection
|e Cawangan Urban Transformation Centre
|
| 999 |
|
|
|a 0001754902
|b Book
|c Adult Collection
|e Cawangan AEON Kulaijaya
|
| 999 |
|
|
|a 0001754903
|b Book
|c Adult Collection
|e Cawangan Bukit Gambir
|
| 999 |
|
|
|a 0001754904
|b Book
|c Adult Collection
|e Cawangan Tangkak
|
| 999 |
|
|
|a 0001754905
|b Book
|c Adult Collection
|e Cawangan Bandar Tenggara
|
| 999 |
|
|
|a 0001754906
|b Book
|c Adult Collection
|e Cawangan Kota Tinggi
|
| 999 |
|
|
|a 0001754907
|b Book
|c Adult Collection
|e Cawangan Tmn. Ungku Tun Aminah
|
| 999 |
|
|
|a 0001754908
|b Book
|c Adult Collection
|e Cawangan Segamat
|
| 999 |
|
|
|a 0001754909
|b Book
|c Adult Collection
|e Cawangan Muar
|
| 999 |
|
|
|a 0001754910
|b Book
|c Adult Collection
|e Cawangan Mersing
|
| 999 |
|
|
|a 0001754911
|b Book
|c Adult Collection
|e Cawangan Batu Pahat
|
| 999 |
|
|
|a 0001754912
|b Book
|c Adult Collection
|e Cawangan Bukit Gambir
|
| 999 |
|
|
|a 0001754913
|b Book
|c Adult Collection
|e Cawangan Bandar Tenggara
|
| 999 |
|
|
|a 0001754914
|b Book
|c Adult Collection
|e Cawangan Tangkak
|
| 999 |
|
|
|a 0001754915
|b Book
|c Adult Collection
|e Perbadanan Perpustakaan Awam Johor
|
| 999 |
|
|
|a 0001754916
|b Book
|c Adult Collection
|e Cawangan Taman Sri Lambak
|
| 999 |
|
|
|a 0001754917
|b Book
|c Adult Collection
|e Cawangan Bandar Penawar
|
| 999 |
|
|
|a 0001754918
|b Book
|c Adult Collection
|e Cawangan Pontian
|